LIBRARY & INFORMATION CENTRE, KCAET, TAVANUR

ONLINE PUBLIC ACCESS CATALOGUE (OPAC)

BSc main mathematics / (Record no. 9169)

MARC details
000 -LEADER
fixed length control field 00477cam a2200193ua 4500
041 ## - LANGUAGE CODE
Language code of text/sound track or separate title eng
082 ## - DEWEY DECIMAL CLASSIFICATION NUMBER
Classification number 512.45
Item number JAN/BS
100 ## - MAIN ENTRY--AUTHOR NAME
Personal name Janardhanan Pillai, C.P.
245 ## - TITLE STATEMENT
Title BSc main mathematics /
250 ## - EDITION STATEMENT
Edition statement 4 /
260 ## - PUBLICATION, DISTRIBUTION, ETC. (IMPRINT)
Place of publication Ottapalam :
Name of publisher Ajith book centre ,
Year of publication 1985.
300 ## - PHYSICAL DESCRIPTION
Number of Pages 130 ; .
942 ## - ADDED ENTRY ELEMENTS (KOHA)
Koha item type Books
Holdings
Withdrawn status Lost status Damaged status Home library Current library Date acquired Full call number Accession Number Koha item type
      KAUAET KAUAET 17/03/1986 512.45 15070 Books
      KAUAET KAUAET 02/10/1986 512.45 14815 Books
free website counter